000 00473nam a2200181Ia 4500
005 20250326124813.0
008 250326s9999 xx 000 0 und d
037 _aTextbook
040 _aFMSL
_beng
_cFMSL
041 _aeng
_2eng
084 _aX:89U K4
_qFMSL
100 _aPooler V H
_9737492
245 0 _aPurchasing man and his job
_cPooler V H
260 _aNY
_bNY, AMA
_c1964
300 _a288p
942 _cTB
_hX:89U K4
999 _c1275283
_d1275283